• 首页
  • 本馆介绍
  • 公告通知
  • 最新文献
  • 馆藏检索
  • 电子资源
  • 读者导购
  • 参考咨询
  • 我的图书馆
  • 登录
  • 详细信息显示
  • 放入我的书架
  • 预约/预借图书
  • 作者相关作品
  • 分类相关作品
  • 丛书相关作品
  • 出版社相关作品

书目信息

  • 表格格式
  • 工作单格式
  • 卡片格式
题名:
外科学及护理
    
 
作者: 《外科学及护理》编写修订组修编
分册:  
出版信息: 北京   战士出版社  1981
页数: 455页
开本: 19cm
丛书名:
单 册:
中图分类: R473.6 , R6
科图分类:
主题词: 外科学--教材 , 外科护理--教材 , 外科学
电子资源:
ISBN:
000 00684nam0 2200277 45
001 0181000975
005 20040521152913.8
010    @dCNY1.35
091    @a14185.19
100    @a19950601d1981 em y0chiy0121 ea
101 0  @achi
102    @aCN@b110000
105    @ay z 000yy
106    @ar
200 10 @a外科学及护理@Awai ke xue ji hu li@f《外科学及护理》编写修订组修编
210    @a北京@c战士出版社@d1981
215    @a455页@d19cm
300    @a护士教材
606    @a外科学@x教材
606    @a外科护理@x教材
606 0  @a外科学
690    @aR473.6@v3
690    @aR6
801  0 @aCN@b上海图书馆@c20040521
801  2 @aCN@bNLC@c20040521
905    @f1@b48336@dR6@e6
    
    外科学及护理/《外科学及护理》编写修订组修编.-北京:战士出版社,1981
    455页;19cm
    护士教材
    
    ISBN :CNY1.35
    
●
相关链接 在E读中查询图书 在五车中查询图书 在当当中查询图书 在豆瓣中查询图书


正题名:外科学及护理     索取号:R6/6         预约/预借

序号 登录号 条形码 馆藏地/架位号 状态 备注
1 0048336   000715337   第三借阅区/ [索取号:R6/6] 在馆    
2 0048337   000715373   第二样本阅览室/ [索取号:R6/6] 在馆    
唐山师范学院图书馆 欢迎您!
大连网信软件有限公司© 版权所有